Desarrollo de la lateralidad a partir de actividades lúdicas en los niños del grado preprimario, sección A, Centro Educativo Francisco del Rosario Sánchez, Distrito 02-05 San Juan Este, año lectivo 2018-2019 / (Record no. 12763)

MARC details
000 -LEADER
campo de control de longitud fija 01478nam a2200289 4500
003 - IDENTIFICADOR DE NÚMERO DE CONTROL
campo de control DO-SdUA
005 - FECHA Y HORA DE LA ÚLTIMA TRANSACCIÓN
campo de control 20250325093537.0
008 - DATOS DE LONGITUD FIJA--INFORMACIÓN GENERAL
campo de control de longitud fija s2020 dr a|| |||| 0 |a||0|spa d
040 ## - FUENTE DE CATALOGACIÓN
Centro catalogador/agencia de origen DO-SdUA
Lengua de catalogación spa
Centro/agencia transcriptor DO-SdUA
041 0# - CÓDIGO DE IDIOMA
Código de lengua del texto/banda sonora o título independiente spa
092 ## - ASIGNACIÓN LOCAL DE SIGNATURA TOPOGRÁFICA DEWEY (OCLC)
Número de clasificación MA-PPGE 0076 FCE 2020
100 1# - ENTRADA PRINCIPAL--NOMBRE DE PERSONA
Nombre de persona Fernández Báez, Mayra Joselyn
245 10 - MENCIÓN DEL TÍTULO
Título Desarrollo de la lateralidad a partir de actividades lúdicas en los niños del grado preprimario, sección A, Centro Educativo Francisco del Rosario Sánchez, Distrito 02-05 San Juan Este, año lectivo 2018-2019 /
Mención de responsabilidad, etc. Mayra Joselyn Fernández Báez, Henna Elizaura Valdez Contreras.
260 ## - PUBLICACIÓN, DISTRIBUCIÓN, ETC.
Lugar de publicación, distribución, etc. San Juan de la Maguana :
Nombre del editor, distribuidor, etc. UASD,
Fecha de publicación, distribución, etc. 2020.
300 ## - DESCRIPCIÓN FÍSICA
Extensión vii, 95, [43], h. :
Otras características físicas il.
502 ## - NOTA DE TESIS
Nota de tesis Tesis y trabajo de grado (Maestría en Procesos Pedagógicos y Gestión de la Educación Inicial)--Universidad Autónoma de Santo Domingo, San Juan de la Maguana , 2020.
504 ## - NOTA DE BIBLIOGRAFÍA, ETC.
Nota de bibliografía, etc. Nota Incluye referencias bibliográficas y anexos.
650 #7 - PUNTO DE ACCESO ADICIONAL DE MATERIA--TÉRMINO DE MATERIA
Fuente del encabezamiento o término lemb
9 (RLIN) 50888
Término de materia o nombre geográfico como elemento de entrada Lateralidad (Fisiología)
650 #7 - PUNTO DE ACCESO ADICIONAL DE MATERIA--TÉRMINO DE MATERIA
Fuente del encabezamiento o término lemb
9 (RLIN) 16834
Término de materia o nombre geográfico como elemento de entrada Juegos infantiles
650 #7 - PUNTO DE ACCESO ADICIONAL DE MATERIA--TÉRMINO DE MATERIA
Fuente del encabezamiento o término lemb
9 (RLIN) 16830
Término de materia o nombre geográfico como elemento de entrada Juegos escolares
650 #7 - PUNTO DE ACCESO ADICIONAL DE MATERIA--TÉRMINO DE MATERIA
Fuente del encabezamiento o término lemb
9 (RLIN) 10513
Término de materia o nombre geográfico como elemento de entrada Educación preescolar
Subdivisión general Investigaciones
650 #7 - PUNTO DE ACCESO ADICIONAL DE MATERIA--TÉRMINO DE MATERIA
Término de materia o nombre geográfico como elemento de entrada Procesos educativos
Subdivisión general Investigaciones
9 (RLIN) 62412
650 #7 - PUNTO DE ACCESO ADICIONAL DE MATERIA--TÉRMINO DE MATERIA
Fuente del encabezamiento o término lemb
9 (RLIN) 62516
Término de materia o nombre geográfico como elemento de entrada Administración escolar (Educación preescolar)
Subdivisión general Investigaciones
700 1# - ENTRADA AGREGADA--NOMBRE PERSONAL
Nombre de persona Valdez Contreras, Henna Elizaura
830 ## - PUNTO DE ACCESO ADICIONAL DE SERIE-TÍTULO UNIFORME
Título uniforme Tesis y disertaciones académicas (Universidad Autónoma de Santo Domingo)
942 ## - ELEMENTOS DE ENTRADA SECUNDARIOS (KOHA)
Fuente de la clasificación o esquema de estantería
Tipo de ítem Koha
Suprimir en OPAC No

No items available.

© 2024. Todos los Derechos Reservados. Desarrollado por IDEICE